书目信息 |
| 题名: |
爱上香草幸福日
|
|
| 作者: | 佐佐木熏 | |
| 分册: | ||
| 出版信息: | 北京 化学工业出版社 2016.07 |
|
| 页数: | 173页 | |
| 开本: | 20cm | |
| 丛书名: | ||
| 单 册: | ||
| 中图分类: | S573 | |
| 科图分类: | ||
| 主题词: | 作物 | |
| 电子资源: | ||
| ISBN: | 7-122-27094-7 | |
| 000 | 00588nam0 2200205 450 | |
| 001 | 2986 | |
| 005 | 20161207152142.84 | |
| 010 | @a7-122-27094-7@dCNY39.80 | |
| 100 | @a20150811d2016 km y0chiy0120 ea | |
| 101 | 0 | @achi |
| 102 | @aCN@b110000 | |
| 200 | 1 | @a爱上香草幸福日@Aai shang xiang cao xing fu ri@f佐佐木熏@Fzuo zuo mu xun |
| 210 | @a北京@c化学工业出版社@d2016.07 | |
| 215 | @a173页@d20cm | |
| 330 | @a香料植物·栽培技术 | |
| 606 | 0 | @a作物 |
| 690 | @aS573@v4 | |
| 701 | 0 | @a佐佐木熏@Azuo zuo mu xun |
| 801 | 0 | @aCN@b大连网信软件有限公司图书馆·11@c20161207 |
| 905 | @aZUCC@dS573@e70 | |
| 爱上香草幸福日/佐佐木熏.-北京:化学工业出版社,2016.07 |
| 173页;20cm |
| ISBN 7-122-27094-7:CNY39.80 |
| 香料植物·栽培技术 |
| ● |
| 相关链接 |
|
|
|
|
正题名:爱上香草幸福日
索取号:S573/70
 
预约/预借
| 序号 | 登录号 | 条形码 | 馆藏地/架位号 | 状态 | 备注 |
| 1 | 912379 | 209123795 | 第二样本阅览室/ [索取号:S573/70] | 在馆 | |
| 2 | 912380 | 209123802 | 第三借阅区/ [索取号:S573/70] | 在馆 | |
| 3 | 912381 | 209123811 | 第三借阅区/ [索取号:S573/70] | 在馆 | |
| 4 | 912382 | 209123820 | 第三借阅区/ [索取号:S573/70] | 在馆 |